مكتبة جامعة عجلون الوطنية

فهرس بحث المكتبة

Normal view MARC view
  • اشراف أبو النصر، عمر

Entry Personal Name

Number of records used in: 1

001 - CONTROL NUMBER

  • control field: 9724

003 - CONTROL NUMBER IDENTIFIER

  • control field: JO-AjAnu

005 - DATE AND TIME OF LATEST TRANSACTION

  • control field: 20230606071850.0

008 - FIXED-LENGTH DATA ELEMENTS

  • fixed length control field: 230606|| aca||aabn | a|a d

040 ## - CATALOGING SOURCE

  • Original cataloging agency: JO-AjAnu
  • Transcribing agency: JO-AjAnu

100 ## - HEADING--PERSONAL NAME

  • Personal name: اشراف أبو النصر، عمر

670 ## - SOURCE DATA FOUND

  • Source citation: Work cat.: (JO-AjAnu)5014: اشراف أبو النصر، عمر, author, سبف بن ذي يزن : ملك اليمن قبل الإسلام، الجزء الثاني